| 000 | 00662nam a2200193Ia 4500 | ||
|---|---|---|---|
| 001 | 15275 | ||
| 003 | GE_BSU | ||
| 008 | 181216s||||||||xx |||||||||||||| ||und|| | ||
| 040 | _cGE_BSU | ||
| 080 | _a821.353.1+821.353.1-32 | ||
| 100 | _aშენგელაია,დემნა | ||
| 245 | _aთხზულებანი 4 ტომად. ტ.4 ლიტერატურული წერილები | ||
| 260 | _aთბილისი | ||
| 260 | _bსაბჭოთა საქართველო | ||
| 260 | _c1968 | ||
| 300 | _a341გვ.20სმ. | ||
| 653 | _aლიტერატურული წერილები | ||
| 942 | _cBK | ||
| 999 |
_c48385 _d48385 |
||